BVB Kader Klub WM 2025 - Statistiken

Allgemein
  • Dieses Quiz wurde 320 mal gespielt
  • Das Durchschnittsergebnis liegt bei 19 aus 29
Antwortstatistiken
Position Nummer Nation Spieler % Korrekt
Torwart 1 🇨🇭 Kobel
99%
Trainer 🇭🇷 Kovac
91%
Torwart 33 🇩🇪 Meyer
90%
Verteidiger 25 🇩🇪 Süle
90%
Mittelfeld 20 🇦🇹 Sabitzer
88%
Verteidiger 5 🇩🇿 Bensebaini
87%
Mittelfeld 10 🇩🇪 Brandt
86%
Angriff 9 🇬🇳 Guirassy
86%
Angriff 27 🇩🇪 Adeyemi
85%
Mittelfeld 7 🇺🇸 Reyna
85%
Mittelfeld 77 🏴󠁧󠁢󠁥󠁮󠁧󠁿 Jobe Bellingham
84%
Verteidiger/Mittelfeld 26 🇳🇴 Ryerson
84%
Verteidiger/Mittelfeld 2 🇧🇷 Yan Couto
84%
Verteidiger 3 🇩🇪 Anton
83%
Mittelfeld 8 🇩🇪 Nmecha
80%
Verteidiger/Mittelfeld 24 🇸🇪 Svensson
80%
Angriff 14 🇩🇪 Beier
79%
Mittelfeld 13 🇩🇪 Gross
75%
Angriff 43 🏴󠁧󠁢󠁥󠁮󠁧󠁿 Gittens
64%
Mittelfeld 16 🇧🇪 Duranville
63%
Verteidiger 39 🇮🇹 Mane
60%
Mittelfeld 17 🏴󠁧󠁢󠁥󠁮󠁧󠁿 Chukwuemeka
49%
Angriff 37 🇺🇸 Campbell
46%
Verteidiger 44 🇫🇷 Coulibaly
39%
Mittelfeld 41 🇺🇸 Albert
21%
Angriff 40 🇮🇹 Inacio
18%
Torwart 31 🇩🇪 Ostrzinski
18%
Verteidiger 47 🇩🇪 Benkara
15%
Mittelfeld 46 🇩🇪 Azhil
12%
Keine übereinstimmenden Quizze gefunden
Verteilung der Resultate
Anzahl Personen mit jedem Resultat
Perzentil nach korrekt beantworteten Fragen
Ihre Resultats-Entwicklung
Sie haben dieses Quiz noch nicht gespielt